| 000 | 00743nmc a2200265 a 4500 | ||
|---|---|---|---|
| 003 | AR-BaBNM | ||
| 005 | 20251128211256.0 | ||
| 008 | 253020s1994 ||||||||||||||000 | spa|| | ||
| 020 | _a950-518-804-8 | ||
| 040 | _cAR-BaBNM | ||
| 100 | 1 | _aWassermann, Selma | |
| 245 | 1 | 0 | _aEl estudio de casos como método de enseñanza |
| 260 |
_aBuenos Aires _bAmorrortu _c1994 |
||
| 300 | _a313 p. | ||
| 490 | 0 | _aAgenda educativa | |
| 504 | _aContiene referencias bibliográficas p. 308-313 | ||
| 650 | 4 | _aESTUDIOS DE CASOS | |
| 650 | 4 | _aMETODOS DE ENSEÑANZA | |
| 650 | 4 | _aMATERIAL DIDACTICO | |
| 650 | 4 | _aACTIVIDADES DE LA CLASE | |
| 650 | 4 | _aEVALUACION DEL ALUMNO | |
| 800 | 1 |
_aLitwin, Edith _edirector |
|
| 942 | _cBK | ||
| 998 | _craquel | ||
| 999 |
_c18956 _d18956 |
||